00377 2200157 4500001002100000005001500021035002000036245003700056100001600093300002600109260002800135082000800163084001400171020002200185990001200207INLIS00000000000313220251022015428 a0010-10250000361 aBiru Langit CInta /cEko Hartono0 aEko Hartono a288 hlm ;c13 x 19 cm aJakarta :bZettu,c2014 a813 a813 EKO b a978-602-7999-88-6 a0755919